Traditional architecture : and its relevance for our times / (Record no. 14413)

000 -LEADER
fixed length control field 00824 a2200241 4500
003 - CONTROL NUMBER IDENTIFIER
control field OSt
005 - DATE AND TIME OF LATEST TRANSACTION
control field 20260417174933.0
008 - FIXED-LENGTH DATA ELEMENTS--GENERAL INFORMATION
fixed length control field 260416b ||||| |||| 00| 0 eng d
020 ## - INTERNATIONAL STANDARD BOOK NUMBER
International Standard Book Number 9789384204310
040 ## - CATALOGING SOURCE
Transcribing agency ddc
100 ## - MAIN ENTRY--PERSONAL NAME
Personal name Rewal, Raj
Relator term editor
245 ## - TITLE STATEMENT
Title Traditional architecture : and its relevance for our times /
Statement of responsibility, etc Edited by Raj Rewal
260 ## - PUBLICATION, DISTRIBUTION, ETC. (IMPRINT)
Name of publisher, distributor, etc Council of Architecture, New Delhi
Date of publication, distribution, etc 2025
Place of publication, distribution, etc New Delhi
300 ## - PHYSICAL DESCRIPTION
Extent ill.; 224 p.:
Other physical details Hardcover
Dimensions 28cm
650 ## - SUBJECT ADDED ENTRY--TOPICAL TERM
Topical term or geographic name as entry element Climate Responsiveness and Resilience
650 ## - SUBJECT ADDED ENTRY--TOPICAL TERM
Topical term or geographic name as entry element Cultural Identity and Continuity
650 ## - SUBJECT ADDED ENTRY--TOPICAL TERM
Topical term or geographic name as entry element Modern Adaptation ("Living Tradition")
650 ## - SUBJECT ADDED ENTRY--TOPICAL TERM
Topical term or geographic name as entry element Economic Advantages
650 ## - SUBJECT ADDED ENTRY--TOPICAL TERM
Topical term or geographic name as entry element Durability and Low Maintenance
650 ## - SUBJECT ADDED ENTRY--TOPICAL TERM
Topical term or geographic name as entry element Sustainability and Eco-Friendly Building
650 ## - SUBJECT ADDED ENTRY--TOPICAL TERM
Topical term or geographic name as entry element Natural Ventilation and Lighting
942 ## - ADDED ENTRY ELEMENTS (KOHA)
Source of classification or shelving scheme
Item type UG Books
Holdings
Withdrawn status Lost status Source of classification or shelving scheme Damaged status Koha normalized classification for sorting Not for loan Collection code Permanent location Current location Date acquired Source of acquisition Cost, normal purchase price Full call number Barcode Date last seen Cost, replacement price Price effective from Koha item type
        720_000000000000000_REW Not For Loan COA Books BMS College of Architecture, Design and Planning BMS College of Architecture, Design and Planning 2026-04-16 8 3480.00 720 REW AR-UG5301 2026-04-16 5800.00 2026-04-16 UG Books
        720_000000000000000_REW Not For Loan COA Books BMS College of Architecture, Design and Planning BMS College of Architecture, Design and Planning 2026-04-16 8 3480.00 720 REW AR-UG5302 2026-04-16 5800.00 2026-04-16 UG Books
Copyright © 2025, The Librarian, Library and Information Centre, BMSCA D&P, Bengaluru. All Rights Reserved
web counter

Powered by Koha